Statistics for My Singing Monsters

Click here to take the quiz!

General Stats

  • This quiz has been taken 259 times
  • The average score is 10 of 15

Answer Stats

HintAnswer% Correct
stonenoggin
89%
watertoe jammer
89%
snowMammott
88%
frogfwog
82%
violinbowgart
79%
leafpotbelly
78%
dinosaurtrox
73%
little plantfurcorn
68%
treeoaktopus
68%
drumsdrumpler
65%
massive, green, wood hornsentbrat
65%
guitarshugabush
65%
furrymaw
47%
stickshrubb
44%
bluepummel
37%

Score Distribution

Percentile by Number Answered

Percent of People with Each Score

Your Score History

You have not taken this quiz